| 000 | 00597nam a22001817a 4500 | ||
|---|---|---|---|
| 005 | 20180625164531.0 | ||
| 010 | _aENG-123301 | ||
| 020 |
_c350.00 _a9788193124901 |
||
| 035 | _aEN-106833 | ||
| 037 | _bDBAD/PUB | ||
| 082 | _a363.25 | ||
| 245 |
_aApprisal of forensic reports in the judicil proceedings / _cedited by M.B.Rao |
||
| 260 |
_aHyderabad _bSPV National PoliceAcademy _c2015 |
||
| 270 |
_aShivramapalli, _bHyderabad _e500052 _k(040)24015151 _l24015179 _minfo@svpunpa.gov.in |
||
| 300 |
_a651,p. _c22cm(pbk) _bill. |
||
| 700 | _aRao,M.B. | ||
| 942 |
_2ddc _cEN _mAPP _h363.25 |
||
| 999 |
_c153074 _d153074 |
||